Estadísticas para Jugadores con más partidos en liga

Haz click aquí para intentar la prueba.

Estadísticas generales

  • Esta prueba ha sido intentada 74 veces
  • La puntuación promedio es 9 de 33

Estadísticas de respuestas

TemporadasPartidosJugador% Correcto
2004-2021520Messi
88%
1998-2015505Xavi
80%
1994-2010550Raúl
75%
2004-Actualidad582Raúl García
75%
2003-2021508Sergio Ramos
75%
1999-2015510Casillas
74%
2001-2013/ 2015- 2023616Joaquín
69%
1977-1992479Joaquín Alonso
69%
2008-Actualidad476Busquets
66%
1981-1998622Zubizarreta
63%
1987-2003497Hierro
38%
2003-2013/ 2017-Actualidad466Jesús Navas
26%
1971-1988461Santillana
14%
1962-1980466Iribar
11%
2008-Actualidad450Parejo
11%
1983-2001523Sanchís
11%
2010- Actualidad452Griezmann
9%
1980-1997542Buyo
8%
1988-2003466Donato
8%
1974-1989455Zamora
8%
1982-1996450Diego
6%
1994-2010452Etxeberria
5%
1983-2022543Eusebio
5%
1980-1997483Bakero
3%
1984-2002481Loren
3%
1979-1992458Manolo Jimenez
3%
1986-2005463Nadal
3%
1967-1985469Esnaola
2%
1978-1993461Gorriz
2%
1980-1994460Larrañaga
2%
1987-2001454Parralo
2%
1983-2003504Soler
2%
1982-1997453Txiki Begiristain
2%

Distribución de puntuación

Porcentaje por número respondido

Porcentaje de gente con cada puntuación

Historial de tus puntuaciones

No has intentado esta prueba.